000 00808nam a2200205 a 4500
001 16795
003 CO-ViMGA
008 141112s2004 ck r 000 u spa d
020 _a8420005584
040 _aCO-ViMGA
_bspa
_cCO-ViMGA
082 0 4 _a639.31 S738m
100 1 _aStevenson, J.P.
_923745
245 1 0 _aManual de cría de la trucha
260 _aZaragoza (España),
_cAcribia,
_c2000
300 _a219.p.il.fotos
505 _aEl agua Emplazamientos e instalaciones Práctica general de cultivo Cultivo marino Instalación del criadero Reproductores y desove dirigido Prática de la cría Biología Parasitos y enfermedades Transporte Mercado y posibilidades Legislación
590 _aForma de adquisición : Premio - Mincultura
650 1 4 _aTRUCHAS - CRIA Y DESARROLLO
_923746
942 _2ddc
_cBK
999 _c26445
_d26445